000 00731nam a22001337a 4500
008 110608t xxu||||| |||| 00| 0 eng d
010 _aSCCAF23
245 _aSupreme Court Criminal Appeal No. 16 OF 1999 Kyamanywa Simon Vs Uganda
260 _c1999
500 _aCoram: Oder-JSC, Tsekooko-JSC, Karokora-JSC, Kanyeihamba-JSC, Mukasa-Kikonyogo-JSC
500 _aAppeal from the decision of the Court of Appeal in Kampala Kato-JA, Engwau-JA and Twinomujuni-JA dated 16th March 1999, in Court of Appeal Criminal Appeal No. 5 of 1998
999 _c2520
_d2520